000 00847nam a2200205Ia 4500
999 _c38950
_d38950
001 5389
003 GE_BSU
005 20190627205150.0
008 181216s1984|||| |||||||||||||| ||geo||
041 _ageo
080 _a621.374(075.8) ღ-83
100 _aღოღობერიძე, მ.
_93026
245 _aიმპულსური მოწყობილობების გაანგარიშება : დამხმ. სახელმძღვ. /
_cმ. ღოღობერიძე .
264 _aთბილისი :
_bსპი,
_c1984.
300 _a104 გვ .:
_c20 სმ.
504 _aბიბლიოგრ.:გვ.103
653 _aიმპულსური მოწყობილობების გაანგარიშება
653 _aტექნიკა
942 _cBK
_2udc